Relocation: the search for pastures new (Record no. 20107)
[ view plain ]
| 000 -LEADER | |
|---|---|
| fixed length control field | 00897cab a2200193 4500 |
| 001 - CONTROL NUMBER | |
| control field | ABS41396 |
| 008 - FIXED-LENGTH DATA ELEMENTS--GENERAL INFORMATION | |
| fixed length control field | 090401t1989 xxu||||| |||| 00| 0 eng d |
| 035 ## - SYSTEM CONTROL NUMBER | |
| System control number | (Sirsi) u29888 |
| 041 ## - LANGUAGE CODE | |
| Language code of text/sound track or separate title | eng |
| 100 ## - MAIN ENTRY--PERSONAL NAME | |
| Personal name | Tyler, G. |
| 245 ## - TITLE STATEMENT | |
| Title | Relocation: the search for pastures new |
| 260 ## - PUBLICATION, DISTRIBUTION, ETC. | |
| Date of publication, distribution, etc. | 1989 |
| 350 ## - PRICE (NR) (BK AM CF MU VM SE) [OBSOLETE] | |
| Price | 0 |
| 490 ## - SERIES STATEMENT | |
| Series statement | Property Director |
| Volume/sequential designation | (14) Autumn 1989, 40-56(10) |
| 520 ## - SUMMARY, ETC. | |
| Summary, etc. | Highlights the findings of a survey by Price Waterhouse and the CBI Employee Relocation Council on the reasons behind a company`s decision to move. Reviews key factors to be considered once the decision to move has been taken, such as hidden costs and employee reluctance. Considers the effect of relocation on family life, describing two examples arising out of Argos Distribution`s decision to relocate from Edgware to Milton Keynes. |
| 690 ## - LOCAL SUBJECT ADDED ENTRY--TOPICAL TERM (OCLC, RLIN) | |
| Topical term or geographic name as entry element | ECONOMIC AND SOCIAL |
| 942 ## - ADDED ENTRY ELEMENTS (KOHA) | |
| Suppress in OPAC | 0 |
| 948 ## - LOCAL PROCESSING INFORMATION (OCLC); SERIES PART DESIGNATOR (RLIN) | |
| c (OCLC) | 04/03/1997 |
| Withdrawn status | Lost status | Source of classification or shelving scheme | Damaged status | Not for loan | Home library | Current library | Shelving location | Date acquired | Total Checkouts | Full call number | Barcode | Date last seen | Copy number | Price effective from | Koha item type |
|---|---|---|---|---|---|---|---|---|---|---|---|---|---|---|---|
| Dewey Decimal Classification | London | London | Journal article | 14/09/1999 | ABS41396 | 29888-1001 | 06/08/2019 | 1 | 06/08/2019 | Journal article |